<?xml version="1.0" encoding="UTF-8"?>
<record
    xmlns:xsi="http://www.w3.org/2001/XMLSchema-instance"
    xsi:schemaLocation="http://www.loc.gov/MARC21/slim http://www.loc.gov/standards/marcxml/schema/MARC21slim.xsd"
    xmlns="http://www.loc.gov/MARC21/slim">

  <leader>00613nam a22001457a 4500</leader>
  <controlfield tag="003">LRUA</controlfield>
  <controlfield tag="005">20231107204846.0</controlfield>
  <controlfield tag="008">231107b        xxu||||| |||| 00| 0 eng d</controlfield>
  <datafield tag="040" ind1=" " ind2=" ">
    <subfield code="c">DLC</subfield>
  </datafield>
  <datafield tag="082" ind1=" " ind2=" ">
    <subfield code="2">FAO &#x1787;&#x17B8;&#x179C;&#x17B7;&#x178F; 2017 C011 Or.</subfield>
  </datafield>
  <datafield tag="245" ind1=" " ind2=" ">
    <subfield code="a">&#x1780;&#x17B6;&#x179A;&#x17A2;&#x1794;&#x17CB;&#x179A;&#x17C6;&#x1794;&#x17C6;&#x178E;&#x17B7;&#x1793;&#x1787;&#x17B8;&#x179C;&#x17B7;&#x178F;&#x1780;&#x17B6;&#x179A;&#x179A;&#x17C0;&#x1794;&#x1785;&#x17C6;&#x179F;&#x17BD;&#x1793;&#x1794;&#x1793;&#x17D2;&#x179B;&#x17C2;&#x179F;&#x17B6;&#x179B;&#x17B6;&#x179A;&#x17C0;&#x1793; &#x1793;&#x17B7;&#x1784;&#x1780;&#x17B6;&#x179A;&#x17A2;&#x1794;&#x17CB;&#x179A;&#x17C6;&#x17A2;&#x17C6;&#x1796;&#x17B8;&#x17A2;&#x17B6;&#x17A0;&#x17B6;&#x179A;&#x17BC;&#x1794;&#x178F;&#x17D2;&#x1790;&#x1798;&#x17D2;&#x1796;&#x179F;&#x17C0;&#x179C;&#x1797;&#x17C5;&#x178E;&#x17C2;&#x1793;&#x17B6;&#x17C6;&#x179F;&#x1798;&#x17D2;&#x179A;&#x17B6;&#x1794;&#x17CB;&#x1782;&#x17D2;&#x179A;&#x17BC;&#x1794;&#x1784;&#x17D2;&#x1782;&#x17C4;&#x179B;</subfield>
  </datafield>
  <datafield tag="260" ind1=" " ind2=" ">
    <subfield code="a">Phnom Penh</subfield>
    <subfield code="c">2017</subfield>
  </datafield>
  <datafield tag="300" ind1=" " ind2=" ">
    <subfield code="a">XXII.159P</subfield>
  </datafield>
  <datafield tag="942" ind1=" " ind2=" ">
    <subfield code="2">ddc</subfield>
    <subfield code="c">KB</subfield>
  </datafield>
  <datafield tag="999" ind1=" " ind2=" ">
    <subfield code="c">22146</subfield>
    <subfield code="d">22146</subfield>
  </datafield>
  <datafield tag="952" ind1=" " ind2=" ">
    <subfield code="0">0</subfield>
    <subfield code="1">0</subfield>
    <subfield code="2">ddc</subfield>
    <subfield code="4">0</subfield>
    <subfield code="6">FAO_&#x1787;&#x17B8;&#x179C;&#x17B7;&#x178F;_2017_000000000000000_C011_OR</subfield>
    <subfield code="7">0</subfield>
    <subfield code="9">96413</subfield>
    <subfield code="a">LBC</subfield>
    <subfield code="b">LBC</subfield>
    <subfield code="c">C011</subfield>
    <subfield code="d">2023-11-07</subfield>
    <subfield code="o">FAO &#x1787;&#x17B8;&#x179C;&#x17B7;&#x178F; 2017 C011 Or.</subfield>
    <subfield code="p">a073681</subfield>
    <subfield code="r">2023-11-07</subfield>
    <subfield code="w">2023-11-07</subfield>
    <subfield code="y">KB</subfield>
  </datafield>
  <datafield tag="952" ind1=" " ind2=" ">
    <subfield code="0">0</subfield>
    <subfield code="1">0</subfield>
    <subfield code="2">ddc</subfield>
    <subfield code="4">0</subfield>
    <subfield code="6">FAO_&#x1787;&#x17B8;&#x179C;&#x17B7;&#x178F;_2017_000000000000000_C011_OR</subfield>
    <subfield code="7">0</subfield>
    <subfield code="9">96742</subfield>
    <subfield code="a">LBC</subfield>
    <subfield code="b">LBC</subfield>
    <subfield code="c">C011</subfield>
    <subfield code="d">2023-12-20</subfield>
    <subfield code="o">FAO &#x1787;&#x17B8;&#x179C;&#x17B7;&#x178F; 2017 C011 Or.</subfield>
    <subfield code="p">A075071</subfield>
    <subfield code="r">2023-12-20</subfield>
    <subfield code="w">2023-12-20</subfield>
    <subfield code="y">KB</subfield>
  </datafield>
  <datafield tag="952" ind1=" " ind2=" ">
    <subfield code="0">0</subfield>
    <subfield code="1">0</subfield>
    <subfield code="2">ddc</subfield>
    <subfield code="4">0</subfield>
    <subfield code="6">FAO_&#x1787;&#x17B8;&#x179C;&#x17B7;&#x178F;_2017_000000000000000_C011_OR</subfield>
    <subfield code="7">0</subfield>
    <subfield code="9">96743</subfield>
    <subfield code="a">LBC</subfield>
    <subfield code="b">LBC</subfield>
    <subfield code="c">C011</subfield>
    <subfield code="d">2023-12-20</subfield>
    <subfield code="o">FAO &#x1787;&#x17B8;&#x179C;&#x17B7;&#x178F; 2017 C011 Or.</subfield>
    <subfield code="p">A075063</subfield>
    <subfield code="r">2023-12-20</subfield>
    <subfield code="w">2023-12-20</subfield>
    <subfield code="y">KB</subfield>
  </datafield>
</record>
